000 02237cam a22004694i 4500
003 PE-LiUPU
005 20250731173343.0
008 150706s2001 sp r 000 0 spa d
020 _a8428406030
035 _a(Sirsi) i9788428406031
040 _aPE-LiUPU
_bspa
_cPE-LiUPU
_erda
049 _aPRUA
082 0 4 _a226.507
_bL83
_221
100 1 _aLópez Arróniz, Prudencio,
_eautor.
245 1 0 _aQuién eres tú, Jesús? :
_bestudio y meditación sobre el evangelio de Juan /
_cPrudencio López Arróniz.
264 1 _aMadrid :
_bEl Perpetuo Socorro,
_c[2001].
300 _a590 páginas ;
_c21 centímetros
336 _atext
_2rdacontent
337 _aunmediated
_2rdamedia
338 _avolume
_2rdacarrier
490 1 _aBiblia ;
_v10
505 0 _aEl himno y los primeros discípulos -- El libro de los signos -- Las Bodas de Caná -- La sustitución del Templo -- Jesús y Nicodemo -- El monólogo -- Nuevo testimonio del Bautista -- La samaritana -- El hijo del oficial -- El paralítico de la piscina -- Los testimonios a favor de Jesús -- Jesús el Pana de vida -- La esposa infiel -- Jesús luz del mundo -- La verdad que libera al hombre -- El ciego de nacimiento -- El pastor bueno -- La resurrección de Lázaro -- La unción de Betania -- La aclamación mesiánica -- Los griegos preguntan por Jesús -- El libro de la pasión y de la gloria -- El lavatorio de los pies.
526 _aSEG42
526 _aSEG41
526 _aSEG40
526 _aSEG39
526 _aP94
526 _aP87
526 _aP86
526 _aP85
526 _aP77
526 _aP76
526 _aP35
541 _g007-0020315;
630 _aBiblia.
_pN.T.
_pJuan
_xComentarios.
910 _agl
_bjv
_cng
_d20090916
942 _2ddc
_cBOOK
949 _a226.507 L83
_wDEWEY
_c1
_i60345
_d2016-6-1
_e2016-5-29
_lCCODEBUL1
_mBUL
_n2
_p33.00
_r0
_sY
_tBOOK
_u2015-7-6
_xTEOLOGIA
_zUNKNOWN
_0COMPRA
_o.STAFF. Colección Teología
994 _aC0
_bPEPRU
596 _a1
999 _a226.507 L83
_wDEWEY
_c49808
_i60345
_d49808
_e2016-5-29
_f2021-11-9
_g5
_lCCODEBUL1
_mBUL
_n2
_p33.00
_q1
_r0
_sY
_tBOOK
_u2015-7-6
_xTEOLOGIA
_PP35
_0COMPRA
_o.STAFF. Colección Teología
980 _81
_gALBERTO SANCHEZ Responsable de Automatización